00641nam a22002057a 45000010005000000030009000050050017000140080041000310200015000720400028000870820016001151000020001312450091001512600040002423000028002825040051003106500036003616500022003977000016004191382BD-DhUAP20201228151902.0201228s1985 njua b 000 0 eng  a0870946595 aDLCcDLCdBD-DhUAPbeng00a658 ALB223 aAlbrecht, Karl. aService America! : bdoing business in the new economy /cKarl Albrecht and Ron Zemke. aHomewood :bDow Jones-Irwincc1985. aix, 203 pages ;c24 cm. aIncludes bibliographical references and index. aService industriesvManagement. aEconomic history. aZemke, Ron.